| 000 | 00806nam a2200229 i 4500 | ||
|---|---|---|---|
| 001 | 182364 | ||
| 003 | ES-MaACL | ||
| 005 | 20250809034738.0 | ||
| 008 | 130806s1985 cl | |||| ||spa d | ||
| 080 | _a929 Vidaurre, Manuel Lorenzo de | ||
| 080 | _a340.134:343(83)"18" | ||
| 100 | 0 |
_aRivacoba y Rivacoba, Manuel de. _997535 |
|
| 245 | 1 | 3 |
_aEl primer proyecto americano de Código penal / _cManuel de Rivacoba y Rivacoba. |
| 260 |
_aSantiago de Chile : _b[Instituto de Chile], _c1985. |
||
| 300 |
_aP. 85-93 ; _c23 cm. |
||
| 500 | _aSeparata de: Anales del Instituto de Chile. | ||
| 594 | _aTít. tomado de la cub. | ||
| 600 | 1 | 7 |
_aVidaurre, Manuel Lorenzo de, _d1773-1841 _2 _9153184 |
| 650 | 0 | 4 |
_aDerecho penal- _zChile _911751 |
| 852 |
_aES-MaACL _j2319-F-27 |
||
| 999 |
_c182364 _d182364 |
||